Maldivy - ostrovy viery a nádeje

Maldivy predstavujú tisíce ostrovov v Indickom oceáne. História, politický systém, obyvateľstvo, špecifiká ekonomiky, potenciál a rozvoj cestovného ruchu, hotelierstvo, aktívny cestovný ruch.

Gespeichert in:
Bibliographische Detailangaben
1. Verfasser: Mišúnová, Ema
Format: Buchkapitel
Sprache:Slowakisch
Schlagworte:
Tags: Tag hinzufügen
Keine Tags, Fügen Sie das erste Tag hinzu!

MARC

LEADER 00000naa a2200000 4500
001 0181595
005 20240502073120.2
041 0 |a slo 
044 |a SK 
245 1 0 |a Maldivy - ostrovy viery a nádeje  |c Ema Mišúnová 
520 |a Maldivy predstavujú tisíce ostrovov v Indickom oceáne. História, politický systém, obyvateľstvo, špecifiká ekonomiky, potenciál a rozvoj cestovného ruchu, hotelierstvo, aktívny cestovný ruch. 
610 2 0 |a Maldivy 
610 2 0 |a ruch cestovný 
610 2 0 |a ruch cestovný aktívny 
100 1 |a Mišúnová, Ema